| LEADER 00000nama 2200000uu 4500 |
| 001 202122 |
| 003 ULIBM |
| 008 040531s|||| th m m a000 0 tha d |
| 020 978-974-11-1177-0 |
| 041 tha |
| 050 WS 290 อ165ค 2552 |
| 100 อนันต์ โฆษิตเศรษฐ. |
| 245 คลื่นไฟฟ้าหัวใจในเด็ก : การอ่านและแปลผลเพื่อการวินิจฉัยโรคในเวชปฎิบัติ/ อนันต์ โฆษิตเศรษฐ. |
| 260 กรุงเทพฯ. โครงการตำรารามาธิบดี คณะแพทยศาสตร์ โรงพยาบาลรามาธิบดี มหาวิทยาลัยมหิดล. 2552. |
| 300 196 หน้า. |
| 600 1.มหาวิทยาลัยมหิดล. คณะแพทยศาสตร์โรงพยาบาลรามาธิบดี.ภาควิชากุมารเวชศาสตร์. |
| 650 1.การรักษาด้วยไฟฟ้า - - ในวัยทารกและวัยเด็ก. 2.หัวใจ,โรค - - ในวัยทารกและวัยเด็ก. 3.หัวใจ,โรค - - การวินิจฉัย. 4.คลื่นไฟฟ้าหัวใจ - - ในวัยทารกและวัยเด็ก. |
| 995 001 |